000 00736nab a2200229u 4500
001 13021
003 HDC
007 c| |||a|c|aaaa
008 210211b99990524my ||||o |||| 00| 0 may d
040 _aHDC
245 0 _aExco: Waspada di Kuala Kangsar selepas isu mi kari kuah babi
336 _atext
_2rdacontent
337 _acomputer
_2rdamedia
338 _aonline resource
_2rdacarrier
650 _ahalal certification
_9753
650 _ahalal logo
_91692
710 _aMalay Mail Online
856 _zRequest full-text at [email protected]
942 _2lcc
942 _cNEWS
942 _kNWS0 003401
999 _c10337
_d10337